Discusiones entre honorables: triunfos, fracasos y alianzas electorales de la Derecha en Chile, 1938-2010

Сохранить в:
Библиографические подробности
Главные авторы: Moulian Emparanza, Tomás (autor), Torres Dujisin, Isabel (Автор)
Формат:
Язык:испанский
Опубликовано: Santiago Akhilleus 2011
Santiago Arcis 2011
Редактирование:2a. ed
Серии:Colección Antagonismos, 2
Предметы:
Метки: Добавить метку
Нет меток, Требуется 1-ая метка записи!

MARC

LEADER 00000cam a2200000 a 4500
001 UCG9874
003 CL-VaPUC
008 120412e20110000CL |||||||||||||||||spa|d
020 |a 9789568762087 
082 0 4 |a 324.2983  |b MOU  |2 21 
100 |a Moulian Emparanza, Tomás  |e autor  |9 563337 
700 0 |a Torres Dujisin, Isabel  |e author  |9 561603 
245 1 0 |a Discusiones entre honorables: triunfos, fracasos y alianzas electorales de la Derecha en Chile, 1938-2010 
250 |a 2a. ed 
300 |a v 
942 |c BK 
945 |d 20120412 00:00:00  |a dcastane 
260 |a Santiago  |b Akhilleus  |c 2011 
260 |a Santiago  |b Arcis  |c 2011 
650 0 |a Presidentes  |9 255176 
650 0 |a Elecciones  |9 254997 
650 0 |a Alianzas políticas  |9 561604 
650 7 |a PARTIDOS DE DERECHA  |2 CL-VaPUC  |9 561605 
650 7 |a PARTIDOS DE IZQUIERDA  |2 CL-VaPUC  |9 561606 
583 |a last modification  |c 20120412 10:24:00  |k Rodrigo Vera 
490 0 |a Colección Antagonismos, 2 
999 |c 347401  |d 347399 
952 |0 0  |1 0  |4 0  |6 324_298300000000000_MOU_2011_2011  |7 0  |8 A  |9 448708  |a BIBHIS  |b BIBHIS  |d 2019-11-22  |i 4854446  |l 4  |m 1  |o 324.2983 MOU 2011 2011  |p 4854446  |r 2025-01-20  |s 2022-06-15  |w 2019-11-22  |y BK  |k HIS